书目信息 |
| 题名: |
2012中国高校文学作品排行榜
|
|
| 作者: | 冰峰 主编 ;中国高校文学作品征集评审委员会 选编 | |
| 分册: | 下 小说卷 | |
| 出版信息: | 桂林 漓江出版社 2013.06 |
|
| 页数: | 279-594页 | |
| 开本: | 23cm | |
| 丛书名: | ||
| 单 册: | ||
| 中图分类: | I217.61 , I247 | |
| 科图分类: | ||
| 主题词: | 中国文学--当代文学--作品集--2012 , 小说集--中国--当代 , 中国文学 , 当代文学 , 小说集 | |
| 电子资源: | ||
| ISBN: | 978-7-5407-6526-2 | |
| 000 | 01197nam0 2200313 450 | |
| 001 | 012013122870 | |
| 005 | 20130627154414.75 | |
| 010 | @a978-7-5407-6526-2@dCNY29.90,CNY59.80(全2册) | |
| 100 | @a20130603d2013 em y0chiy0110 ea | |
| 101 | 0 | @achi |
| 102 | @aCN@b450000 | |
| 105 | @ay z 000ay | |
| 106 | @ar | |
| 200 | 1 | @a2012中国高校文学作品排行榜@92012zhong guo gao xiao wen xue zuo pin pai xing bang@h下@i小说卷@f冰峰主编@g中国高校文学作品征集评审委员会选编 |
| 210 | @a桂林@c漓江出版社@d2013.06 | |
| 215 | @a279-594页@d23cm | |
| 330 | @a本书从全国六千多所高校的六千多位参赛者中脱颖而出的四十多位优秀作者,他们的作品大多关注现实,关注人生;在小说艺术探索方面,也各有追求。内容包括雪夜;抽陀螺;马匪;青梦;子弹射向何方等。 | |
| 333 | @a小说爱好者 | |
| 606 | 0 | @a中国文学@x当代文学@x作品集@z2012 |
| 606 | 0 | @a小说集@y中国@z当代 |
| 606 | 0 | @a中国文学 |
| 606 | 0 | @a当代文学 |
| 606 | 0 | @a小说集 |
| 690 | @aI217.61@v5 | |
| 690 | @aI247@v5 | |
| 701 | 0 | @a冰峰@9bing feng@4主编 |
| 712 | 02 | @a中国高校文学作品征集评审委员会@9zhong guo gao xiao wen xue zuo pin zheng ji ping shen wei yuan hui@4选编 |
| 801 | 0 | @aCN@b人天书店@c20130603 |
| 905 | @b546916-19@dI217.61@e661:2@f4 | |
| 2012中国高校文学作品排行榜.下.小说卷/冰峰主编/中国高校文学作品征集评审委员会选编.-桂林:漓江出版社,2013.06 |
| 279-594页;23cm |
| 使用对象:小说爱好者 |
| ISBN 978-7-5407-6526-2:CNY29.90,CNY59.80(全2册) |
| 本书从全国六千多所高校的六千多位参赛者中脱颖而出的四十多位优秀作者,他们的作品大多关注现实,关注人生;在小说艺术探索方面,也各有追求。内容包括雪夜;抽陀螺;马匪;青梦;子弹射向何方等。 |
| ● |
| 相关链接 |
|
|
|
|
正题名:2012中国高校文学作品排行榜
索取号:I217.61/661:2
 
预约/预借
| 序号 | 登录号 | 条形码 | 馆藏地/架位号 | 状态 | 备注 |
| 1 | 546916 | 205469161 | 第一样本阅览室/ [索取号:I217.61/661:2] | 在馆 | |
| 2 | 546917 | 205469170 | 第二借阅区/ [索取号:I217.61/661:2] | 在馆 | |
| 3 | 546918 | 205469189 | 第二借阅区/ [索取号:I217.61/661:2] | 在馆 | |
| 4 | 546919 | 205469198 | 教育系资料室/ [索取号:I217.61/661:2] | 在馆 |